[Event "Canadian Closed zt"]
[Site "Toronto CAN"]
[Date "2006.08.18"]
[Round "1"]
[White "Kret,T"]
[Black "Milicevic,G"]
[Result "0-1"]
[WhiteElo "2138"]
[BlackElo "2305"]

1.d4 Nf6 2.c4 e6 3.Nf3 Bb4+ 4.Nbd2 d5 5.Qa4+ Nc6 6.Ne5 Bd7 7.Nxc6 Bxd2+ 8.Bxd2 Bxc6
9.Qc2 dxc4 10.Qxc4 Ne4 11.Be3 Nd6 12.Qc3 Nf5 13.O-O-O Qd5 14.b3 Nxe3 15.Qxe3 Qd6
16.Qe5 Qa3+ 17.Kb1 O-O-O 18.e4 Rhe8 19.Bc4 f6 20.Bxe6+ Kb8 21.Qf5 g6 22.Qg4 h5
23.Qf3 Rxe6 24.d5 Red6 25.dxc6 Rd2 26.Rxd2 Rxd2 27.Qc3 Qxa2+ 28.Kc1 Rxf2
29.Rd1 Qa3+ 30.Kb1 bxc6 31.h4 a5 32.Re1 a4 33.e5 axb3  0-1

[Event "TCh-Serbia w"]
[Site "Zlatibor SCG"]
[Date "2006.08.26"]
[Round "1"]
[White "Chilingirova,P"]
[Black "Zivkovic,Ves"]
[Result "1-0"]
[WhiteElo "2209"]
[BlackElo "2124"]

1.d4 Nf6 2.Nf3 e6 3.c4 Bb4+ 4.Nbd2 O-O 5.g3 b6 6.Bg2 Bb7 7.O-O Bxd2 8.Bxd2 d6
9.b3 Nbd7 10.Bc3 Ne4 11.Bb2 f5 12.Ne1 Qe8 13.f3 Nef6 14.Qc2 Qg6 15.Nd3 Rac8
16.Nf4 Qf7 17.e4 g5 18.Ne2 fxe4 19.fxe4 Qg6 20.Nc3 Ng4 21.Qe2 Ngf6 22.Rae1 a6
23.e5 Bxg2 24.Kxg2 dxe5 25.dxe5 Nh5 26.Ne4 Rxf1 27.Rxf1 Rf8 28.Nf6+ Nhxf6
29.exf6 Nc5 30.Bd4 Qe4+ 31.Qxe4 Nxe4 32.Re1 Nxf6 33.Rxe6 Nd7 34.Rc6 Rc8 35.Kh3 Nb8
36.Re6 c5 37.Be3 b5 38.Bxg5 Nc6 39.Re4 Nb4 40.a3 Nc2 41.Bc1 Nd4 42.Re3 bxc4
43.bxc4 Rb8 44.Re5  1-0

[Event "TCh-Serbia"]
[Site "Zlatibor SCG"]
[Date "2006.09.02"]
[Round "8"]
[White "Nestorovic,De"]
[Black "Arsovic,Z"]
[Result "1-0"]
[WhiteElo "2401"]
[BlackElo "2441"]

1.d4 Nf6 2.c4 e6 3.Nf3 Bb4+ 4.Nbd2 d6 5.e3 O-O 6.Bd3 e5 7.O-O Re8 8.dxe5 dxe5
9.Ne4 Bf5 10.Qc2 Bg6 11.Rd1 Nc6 12.Nxf6+ Qxf6 13.Bxg6 hxg6 14.b3 g5 15.h3 e4
16.Bb2 Qg6 17.Nh2 Bd6 18.Bc3 Rad8 19.Rd2 Bxh2+ 20.Kxh2 Rxd2 21.Qxd2 Rd8 22.Qe2 Qd6+
23.g3 Qd3 24.Qxd3 Rxd3 25.Rc1 f6 26.Kg2 Ne5 27.Bxe5 fxe5 28.c5 Kf7 29.Rc4 Kf6
30.Rxe4 Rc3 31.Rc4 Rxc4 32.bxc4 e4 33.f4 b6 34.cxb6 cxb6 35.Kf2 Ke6 36.Ke2  1-0

[Event "3rd Open"]
[Site "Kalamaria GRE"]
[Date "2006.09.05"]
[Round "8"]
[White "Gladyszev,O"]
[Black "Shavtvaladze,N"]
[Result "1-0"]
[WhiteElo "2457"]
[BlackElo "2383"]

1.d4 Nf6 2.c4 e6 3.Nf3 Bb4+ 4.Nbd2 d6 5.a3 Bxd2+ 6.Qxd2 O-O 7.e3 Qe7 8.b3 e5
9.dxe5 dxe5 10.Bb2 Nbd7 11.Qc2 b6 12.Be2 Bb7 13.O-O c5 14.Nd2 e4 15.Qc3 Rfe8
16.Rfd1 Ne5 17.Nf1 Bc8 18.Ng3 Bg4 19.Bxg4 Nexg4 20.Rd5 Red8 21.Rad1 Qf8 22.R5d2 Re8
23.Qc2 Qe7 24.h3 Nh6 25.Bxf6 Qxf6 26.Nxe4 Qh4 27.Ng3 Re6 28.Rd7 a5 29.Qd3 Rae8
30.Rd8 g6 31.Rxe8+ Rxe8 32.Qd6 Re6 33.Qd8+ Qxd8 34.Rxd8+ Kg7 35.a4 f5 36.Ne2 Nf7
37.Rd7 g5 38.Kf1 Kg6 39.Rd5 Nd6 40.f3 Kf6 41.g4 fxg4 42.hxg4 h5 43.e4 Nf7
44.gxh5 g4 45.Nf4 Re8 46.Rf5+ Kg7 47.fxg4 Nh6 48.Rg5+ Kh8 49.Ng6+ Kh7 50.Re5 Rd8
51.Re7+ Kg8 52.g5  1-0

[Event "ch-EU"]
[Site "Liverpool ENG"]
[Date "2006.09.06"]
[Round "1"]
[White "Gormally,D"]
[Black "Pritchett,C"]
[Result "1/2-1/2"]
[WhiteElo "2513"]
[BlackElo "2289"]

1.d4 Nf6 2.Nf3 e6 3.c4 Bb4+ 4.Nbd2 c5 5.a3 Bxd2+ 6.Qxd2 cxd4 7.Qxd4 Nc6 8.Qh4 O-O
9.Bg5 h6 10.Bxf6 Qxf6 11.Qxf6 gxf6 12.Rd1 Rd8 13.e3 b6 14.Nd2 d5 15.cxd5 Rxd5
16.Bc4 Rd8 17.O-O Ne5 18.Be2 Bb7 19.f4 Nd3 20.Nc4 Be4 21.Rd2 Rac8 22.b3 b5
23.Na5 Rd5 24.Rfd1 Nc1 25.Bf1 Rc2 26.Rxc2 Rxd1 27.Rc8+ Kg7 28.Kf2 a6 29.a4 bxa4
30.bxa4 Nd3+ 31.Bxd3 Rxd3 32.Nc4 Rc3 33.Nd6 Rxc8 34.Nxc8 a5 35.Nb6 Bc6 36.g4 Kg6
37.Kg3 f5 38.h3 fxg4 39.hxg4 f5 40.Nc4 Bxa4 41.Nxa5  1/2-1/2

[Event "ch-EU"]
[Site "Liverpool ENG"]
[Date "2006.09.08"]
[Round "3"]
[White "Williams,Si"]
[Black "Miezis,N"]
[Result "1-0"]
[WhiteElo "2473"]
[BlackElo "2527"]

1.d4 Nf6 2.c4 e6 3.Nf3 Bb4+ 4.Nbd2 c5 5.a3 Bxd2+ 6.Bxd2 cxd4 7.Nxd4 Ne4 8.Nb5 Nc6
9.Be3 d5 10.f3 Nd6 11.cxd5 exd5 12.Qxd5 Nxb5 13.Qxb5 O-O 14.Rd1 Qf6 15.Bc5 Re8
16.e4 Bh3 17.Qb3 Rac8 18.Qe3 Ne5 19.Bd4 Qh4+ 20.Qf2 Qf4 21.Qg3 Qf6 22.Bxe5 Rxe5
23.Qxh3 Rc2 24.Bd3 Rcc5 25.O-O Qb6 26.Kh1 g6 27.b4 Rc3 28.Qd7 Kg7 29.f4 Rc7
30.Qd8 Ree7 31.Bb1 Qa6 32.f5 Red7 33.f6+ Kh6 34.Qf8+ Kh5 35.g4+ Kg5 36.h4+ Kxg4
37.Qh6 Qe2 38.Qf4+ Kh3 39.Rf3+  1-0

[Event "ch-EU"]
[Site "Liverpool ENG"]
[Date "2006.09.09"]
[Round "4"]
[White "Williams,Si"]
[Black "Dgebuadze,A"]
[Result "1-0"]
[WhiteElo "2473"]
[BlackElo "2527"]

1.d4 Nf6 2.c4 e6 3.Nf3 Bb4+ 4.Nbd2 b6 5.e3 Bb7 6.Bd3 O-O 7.O-O d5 8.a3 Bxd2
9.Bxd2 c5 10.dxc5 bxc5 11.Qc2 dxc4 12.Bxc4 Be4 13.Qc1 Qc7 14.Ng5 Bb7 15.f3 h6
16.Nh3 Nc6 17.Qc2 Ne5 18.Be2 Rfd8 19.Rac1 Rac8 20.Nf2 Rd7 21.Rfd1 Qb8 22.e4 Nc6
23.Be3 Nd4 24.Bxd4 cxd4 25.Qd2 Rxc1 26.Rxc1 e5 27.Qa5 Rd8 28.Nd3 Nd7 29.Rc7 Nb6
30.Qxe5 Ba6 31.Qe7 Rf8 32.b4 Bc4 33.Bf1 Re8 34.Qc5 Rd8 35.a4 Bxd3 36.Bxd3 Nd7
37.Qa5 Nf8 38.g3 Rc8 39.Rxa7 Ne6 40.e5 g6 41.Be4 d3 42.Bxd3 Kg7 43.Rd7 Rc3
44.Kg2 Rb3 45.f4 Rxb4 46.Qa7 Rb2+ 47.Kh3 Qb3 48.Rxf7+ Kg8 49.Bxg6 Qd5 50.Rd7 Ng5+
51.Kg4 Qf3+ 52.Kf5 Qe4+ 53.Kf6 Rb6+ 54.Qxb6  1-0

[Event "EU-chG16"]
[Site "Herceg Novi MNE"]
[Date "2006.09.13"]
[Round "4"]
[White "Rakic,Ma"]
[Black "Sadykova,A"]
[Result "1-0"]
[WhiteElo "2128"]
[BlackElo "2127"]

1.d4 Nf6 2.c4 e6 3.Nf3 Bb4+ 4.Nbd2 b6 5.g3 Bb7 6.Bg2 O-O 7.O-O d5 8.Ne5 Qc8
9.Ndf3 Nbd7 10.c5 bxc5 11.a3 Ba5 12.dxc5 c6 13.b4 Bc7 14.Bb2 Nxe5 15.Nxe5 Nd7
16.Nxd7 Qxd7 17.e4 Ba6 18.Re1 Bc4 19.exd5 exd5 20.Qh5 a5 21.Bh3 f5 22.Rad1 axb4
23.axb4 Bd8 24.Be5 g6 25.Qh6 Bf6 26.Bd6 Rfe8 27.Bf1 Bxf1 28.Kxf1 Qb7 29.Qf4 Qb5+
30.Kg2 Bc3 31.Rxe8+ Rxe8 32.Rb1 Qd3 33.Rf1 Kg7 34.Qf3 Qd4 35.b5 cxb5 36.Rd1 Qe4
37.Rxd5 b4 38.Qxe4 fxe4 39.c6 Kf7 40.Bf4 b3 41.c7 b2 42.Rd7+ Kf6 43.Rd8 b1=Q
44.Rxe8 Qd3 45.Rf8+ Kg7 46.Bh6+ Kxh6 47.c8=Q e3 48.Rf3 Bd4 49.Qf8+ Kh5 50.g4+  1-0

[Event "14th Bora Kostic Mem"]
[Site "Vrsac SCG"]
[Date "2006.09.16"]
[Round "5"]
[White "Miladinovic,I"]
[Black "Ivanisevic,I"]
[Result "0-1"]
[WhiteElo "2584"]
[BlackElo "2596"]

1.d4 Nf6 2.c4 e6 3.Nf3 Bb4+ 4.Nbd2 O-O 5.a3 Be7 6.g3 b6 7.Bg2 Bb7 8.Qc2 c5
9.dxc5 bxc5 10.O-O d5 11.cxd5 exd5 12.Rd1 Qb6 13.b3 Nbd7 14.Bb2 Rfe8 15.Nh4 Bf8
16.e4 c4 17.bxc4 dxe4 18.Nb3 Nc5 19.Nd4 Nd3 20.Bc3 Qc7 21.Rab1 Ba6 22.Nhf5 Bxc4
23.Ba1 Rac8 24.Ne3 Ba6 25.Qxc7 Rxc7 26.Nb5 Rb7 27.a4 Bc5 28.Bxf6 gxf6 29.Nc3 Rxb1
30.Rxb1 f5 31.Ncd5 Rd8 32.Bf1 Kf8 33.Kg2 Bc8 34.Rb5 a6 35.Rb1 Be6 36.Nc7 Bc8
37.Ncd5 Kg7 38.h4 Nxf2 39.Rb8 Bxe3 40.Nxe3 Ng4 41.Nxg4 fxg4 42.Kf2 Rd2+ 43.Ke3 Rc2
44.Kxe4 Bd7 45.Bxa6 Bxa4 46.Rb4 Bd7 47.Rb3 Bc6+ 48.Ke5 Rf2 49.Rc3 Bd7 50.Bb7 Be6
51.Be4 h6 52.Kd4 Rd2+ 53.Ke3 Rb2 54.Kd4 Rb4+ 55.Ke3 f5 56.Bd3 Kf6 57.Ra3 Bd5
58.Ra5 Be4 59.Ra6+ Kg7 60.Ra7+ Kg6 61.Be2 Bf3 62.Bd3 Rb3 63.Kd4 Be4 64.Bxe4 Rb4+
65.Kd5 Rxe4 66.Ra6+ Kh5 67.Rf6 Re3 68.Rxf5+ Kg6 69.Re5 Rxg3 70.Ke4 Rf3 71.h5+ Kf6
72.Ra5 Rf1 73.Rb5 g3 74.Rb6+ Kg5 75.Rg6+ Kh4 76.Ke3 Kh3  0-1

[Event "5th Open"]
[Site "Izmir TUR"]
[Date "2006.09.17"]
[Round "8"]
[White "Esen,B"]
[Black "Annageldyev,O"]
[Result "1/2-1/2"]
[WhiteElo "2459"]
[BlackElo "2486"]

1.d4 Nf6 2.c4 e6 3.Nf3 Bb4+ 4.Nbd2 b6 5.a3 Bxd2+ 6.Qxd2 Bb7 7.e3 d6 8.Be2 Nbd7
9.b4 O-O 10.Bb2 Ne4 11.Qc2 f5 12.d5 exd5 13.Rd1 c5 14.cxd5 Rc8 15.b5 Ndf6
16.O-O Kh8 17.Bc4 Qe7 18.Ne1 Ng4 19.Nd3 Rf7 20.h3 Nexf2 21.Rxf2 Nxe3 22.Qb3 Nxd1
23.Qxd1 Re8 24.Qh5 Kg8 25.Ne5 dxe5 26.d6 g6 27.dxe7 gxh5 28.Rxf5 Rxe7 29.Bxe5 Kf8
30.Rxf7+ Rxf7 31.Bxf7 Kxf7 32.Bb8 a6 33.bxa6 Bxa6 34.Ba7 Ke6 35.Bxb6 Kd5
36.Kf2 c4 37.Ke1 c3 38.Kd1 Bf1 39.h4 Bxg2 40.Kc1 Ke5  1/2-1/2

[Event "15th TCh-CRO"]
[Site "Sibenik CRO"]
[Date "2006.09.23"]
[Round "2"]
[White "Jovanic,O"]
[Black "Kurajica,B"]
[Result "1/2-1/2"]
[WhiteElo "2464"]
[BlackElo "2562"]

1.d4 Nf6 2.c4 e6 3.Nf3 Bb4+ 4.Nbd2 b6 5.e3 Bb7 6.Bd3 O-O 7.O-O d5 8.a3 Bxd2
9.Bxd2 Nbd7 10.Rc1 dxc4 11.Bxc4 Ne4 12.Bb4 c5 13.dxc5 Ndxc5 14.Qe2 Rc8 15.Rfd1 Qf6
16.Nd4 Rfd8 17.Nb5 a6 18.Nc3 Nd6 19.Bxc5 Nxc4 20.Qxc4 Rxc5 21.Qf4 Rdc8 22.Qxf6 gxf6
23.Rd7 R5c7 24.Rcd1 b5 25.f3 Kg7 26.e4 Bc6 27.Rxc7 Rxc7 28.Rd8 Rb7 29.Rd6 Rc7
30.Rd8 Rb7 31.Ra8 Rb6 32.Rc8 a5 33.b4 axb4 34.axb4 f5 35.exf5 exf5 36.Ne2 Bd7
37.Rc5 Ra6 38.Nc3 Ra3 39.Nxb5 Rb3 40.Nd4 Rxb4 41.Nxf5+ Bxf5 42.Rxf5 Rb1+
43.Kf2 Rb2+ 44.Kg3 Kg6 45.Ra5 f6 46.Ra8 Kg7 47.f4 Kg6 48.h3 f5 49.Kh4 Rxg2
50.Rg8+ Kh6 51.Rxg2  1/2-1/2

[Event "Tatry Open"]
[Site "Tatranske Zruby SVK"]
[Date "2006.09.24"]
[Round "2"]
[White "Kebis,M"]
[Black "Splichal,S"]
[Result "1/2-1/2"]
[WhiteElo "2036"]
[BlackElo "2215"]

1.d4 Nf6 2.Nf3 e6 3.c4 Bb4+ 4.Nbd2 b6 5.a3 Bxd2+ 6.Nxd2 Bb7 7.Qc2 c5 8.dxc5 bxc5
9.Nb3 Qc7 10.Bg5 Ne4 11.Bh4 f5 12.f3 Qf4 13.Bf2 Nxf2 14.Kxf2 O-O 15.Rd1 Qc7
16.Qd2 d5 17.Qa5 Qb6 18.Qxb6 axb6 19.e3 f4 20.exf4 Rxf4 21.Kg3 Rf6 22.Bd3 Nc6
23.Rhe1 Rd8 24.cxd5 exd5 25.Bb5 Kf8 26.Rd2 Ne7 27.Rde2 Nf5+ 28.Kf2 Nd6 29.a4 Nxb5
30.axb5 d4 31.Nd2 Bd5 32.Re5 Rfd6 33.Rf5+ Kg8 34.Rfe5 h6 35.Re8+ Rxe8 36.Rxe8+ Kf7
37.Re1 Rd7 38.Ra1 Re7 39.Ra3 c4 40.Ra4 Rc7 41.Ra1 Rc5 42.Kg3 Rxb5 43.Rc1 Rc5
44.Kf4 Ke6 45.h4 Kd6 46.g4 Rc7 47.Ne4+ Bxe4 48.Kxe4 Kc5 49.b4+ Kxb4 50.Kxd4 Rd7+
51.Ke5 Rd3 52.f4 c3 53.g5 hxg5 54.hxg5 b5 55.f5 Rf3 56.f6 gxf6+ 57.gxf6 Kc4  1/2-1/2

[Event "15th TCh-CRO"]
[Site "Sibenik CRO"]
[Date "2006.09.25"]
[Round "4"]
[White "Dizdar,G"]
[Black "Kurajica,B"]
[Result "1/2-1/2"]
[WhiteElo "2521"]
[BlackElo "2562"]

1.d4 Nf6 2.Nf3 e6 3.c4 Bb4+ 4.Nbd2 O-O 5.e3 d5 6.a3 Be7 7.b4 a5 8.b5 c5 9.bxc6 bxc6
10.c5 Nfd7 11.Bb2 e5 12.Nxe5 Nxe5 13.dxe5 Nd7 14.Be2 Nxc5 15.O-O Rb8 16.Bc3 Bf5
17.Bg4 Bd3 18.Be2 Bxe2 19.Qxe2 Nb3 20.Rab1 Nxd2 21.Qxd2 Bxa3 22.Bxa5 Qd7
23.h3  1/2-1/2

[Event "15th TCh-CRO"]
[Site "Sibenik CRO"]
[Date "2006.10.02"]
[Round "11"]
[White "Feletar,D"]
[Black "Kovacevic,B"]
[Result "1/2-1/2"]
[WhiteElo "2400"]
[BlackElo "2490"]

1.Nf3 Nf6 2.c4 e6 3.d4 Bb4+ 4.Nbd2 b6 5.e3 Bb7 6.Bd3 O-O 7.O-O d5 8.a3 Be7
9.b4 c5 10.bxc5 bxc5 11.Rb1 Qc8 12.cxd5 Nxd5 13.Qc2 Nf6 14.dxc5 Na6 15.Ne4 Bxe4
16.Bxe4 Nxe4 17.Qxe4 Nxc5  1/2-1/2

[Event "Goodbye Summer Open"]
[Site "Omis CRO"]
[Date "2006.10.06"]
[Round "4"]
[White "Saric,B"]
[Black "Baturina,A"]
[Result "1-0"]
[WhiteElo "1930"]
[BlackElo "1875"]

1.d4 Nf6 2.c4 e6 3.Nf3 Bb4+ 4.Nbd2 d5 5.e3 O-O 6.c5 c6 7.a3 Bxd2+ 8.Nxd2 Qc7
9.Bd3 e5 10.dxe5 Qxe5 11.Nf3 Qc7 12.b4 Bg4 13.Bb2 Nbd7 14.Qc2 a5 15.Nd4 axb4
16.axb4 Rxa1+ 17.Bxa1 Be6 18.f4 g6 19.O-O Qb8 20.h3 Qe8 21.f5 Bxf5 22.Bxf5 Qxe3+
23.Kh1 Nh5 24.Ne2 Qxe2 25.Qxe2 Ng3+ 26.Kh2 Nxe2 27.Bxd7 f5 28.Re1 Nf4 29.Re7 Rf7
30.Re8+ Rf8 31.Rxf8+ Kxf8 32.Bc8 Ke8 33.Bxb7 Kd7 34.Ba6 Ne6 35.Kg3 Nc7 36.Bd3 Ke6
37.Kf4 h6 38.h4 h5 39.Be5 Ne8 40.Ba6 Ke7 41.Bb7 Kd7 42.g3 d4 43.Bxd4 Nc7
44.Kg5 Ne6+ 45.Kxg6 Nxd4 46.Kxh5 Ne2 47.Kg5 Nxg3 48.h5 f4 49.h6 f3 50.h7 Ne4+
51.Kg6 f2  1-0

[Event "FSIM October"]
[Site "Budapest HUN"]
[Date "2006.10.08"]
[Round "2"]
[White "Graf,F"]
[Black "Toth,Li"]
[Result "1-0"]
[WhiteElo "2221"]
[BlackElo "2217"]

1.d4 Nf6 2.c4 e6 3.Nf3 Bb4+ 4.Nbd2 b6 5.a3 Bxd2+ 6.Bxd2 Bb7 7.Bg5 d6 8.e3 Nbd7
9.Be2 O-O 10.O-O c5 11.b4 Qc7 12.Nd2 e5 13.bxc5 dxc5 14.d5 Rfc8 15.a4 Ne8
16.Bd3 Nd6 17.Qh5 g6 18.Qh4 Rf8 19.Be7 f5 20.Bxf8 Rxf8 21.f4 e4 22.Be2 h5
23.h3 Nf6 24.g4 Kg7 25.gxh5 Rh8 26.Kh2 Qd8 27.Qg5 Rh6 28.Rg1 Qh8 29.a5 b5
30.cxb5 Bxd5 31.Rac1 Bf7 32.Rxc5 Nxh5 33.Bxh5 Rxh5 34.Qg2 g5 35.Qf1 Kf8 36.Rxg5 Qb2
37.Qc1 Qh8 38.Rxh5 Qxh5 39.Qf1 Qh4 40.b6 axb6 41.axb6 Qf6 42.Rc2 Qe6 43.Qa1 Nb5
44.b7  1-0

[Event "7th Veselin Boskovic Mem Op"]
[Site "Beograd SRB"]
[Date "2006.10.11"]
[Round "9"]
[White "Pavlovic,Milo"]
[Black "Arsovic,Z"]
[Result "1-0"]
[WhiteElo "2507"]
[BlackElo "2449"]

1.d4 Nf6 2.c4 e6 3.Nf3 Bb4+ 4.Nbd2 d6 5.e3 O-O 6.Be2 a5 7.O-O a4 8.Qc2 Bd7
9.a3 Ba5 10.e4 Nc6 11.c5 dxc5 12.e5 Nd5 13.dxc5 Nf4 14.Nc4 Nxe2+ 15.Qxe2 Ne7
16.Rd1 Qe8 17.Nxa5 Rxa5 18.Qd2 Qa8 19.Qxd7 Nd5 20.Rxd5 exd5 21.Bd2 Ra6 22.Qxd5 Qc8
23.Bc3 Rg6 24.Rd1 Qg4 25.g3 c6 26.Qd3 Qh3 27.Qd7 Qh5 28.Kg2 Re6 29.Qxb7 Qf5
30.Rd6 Qe4 31.Qb4 Qc2  1-0

[Event "FSGM October"]
[Site "Budapest HUN"]
[Date "2006.10.12"]
[Round "6"]
[White "Prohaszka,P2"]
[Black "Ilincic,Z"]
[Result "1/2-1/2"]
[WhiteElo "2392"]
[BlackElo "2451"]

1.d4 Nf6 2.c4 e6 3.Nf3 Bb4+ 4.Nbd2 d5 5.Qa4+ Nc6 6.a3 Be7 7.e3 O-O 8.Qc2 a5
9.b3 Nb8 10.Bb2 b6 11.Bd3 c5 12.dxc5 Bxc5 13.Ng5 h6 14.Bh7+ Kh8 15.Bg8 d4
16.Nxf7+ Rxf7 17.Bxf7 dxe3 18.fxe3 Bxe3 19.O-O-O Nc6 20.Kb1 Qf8 21.Bg6 e5
22.Nf3 Bg4 23.Rde1 Bc5 24.Nxe5 Nxe5 25.Rxe5 Bxa3 26.Bxa3 Qxa3 27.Qb2 Qd6
28.Rhe1 a4 29.bxa4 Bd7 30.Bc2 Bxa4 31.Bxa4 Rxa4 32.R5e3 Rxc4 33.Rc3 Rb4 34.Rb3 Rxb3
35.Qxb3 Qxh2 36.Qxb6  1/2-1/2

[Event "IRT5"]
[Site "Sao Paulo BRA"]
[Date "2006.10.13"]
[Round "4"]
[White "Galati,M"]
[Black "Nagashima,C"]
[Result "1/2-1/2"]
[WhiteElo "2206"]
[BlackElo "2056"]

1.d4 Nf6 2.c4 e6 3.Nf3 Bb4+ 4.Nbd2 b6 5.a3 Bxd2+ 6.Bxd2 Ne4 7.Bf4 O-O 8.Nd2 Qf6
9.e3 Nxd2 10.Qxd2 d6 11.Be2 Bb7 12.O-O Nd7 13.Rfd1 e5 14.Bg3 exd4 15.Qxd4 Rfe8
16.b4 Qxd4 17.Rxd4 Nf6 18.Rc1 Ne4 19.Bf3 Nxg3 20.hxg3 Bxf3 21.gxf3 a5 22.c5 dxc5
23.bxc5 b5 24.c6 Reb8 25.Rd7 Rc8 26.Rb1 Rab8 27.Rd5 b4 28.Rxa5 b3 29.Rc5 Rb6
30.Rc3 Rcb8 31.a4 Kf8 32.a5 Ra6 33.Rbxb3 Rxb3 34.Rxb3 Rxc6 35.Ra3 Ra6 36.Kf1 Ke7
37.Ke2 Kd6 38.Kd3 Kc5 39.Rc3+ Kd6 40.Ra3 Kc5 41.Ra4 Kb5 42.Rf4 f6 43.Rf5+ c5
44.Rd5 Kc6 45.Rd8  1/2-1/2

[Event "TCh-FIN 2006-7"]
[Site "Jyvaskyla FIN"]
[Date "2006.10.21"]
[Round "3"]
[White "Tuominen,R"]
[Black "Hintikka,E"]
[Result "1-0"]
[WhiteElo "2276"]
[BlackElo "2123"]

1.d4 Nf6 2.c4 e6 3.Nf3 Bb4+ 4.Nbd2 b6 5.e3 Bb7 6.Bd3 O-O 7.O-O d5 8.a3 Bd6
9.b4 c5 10.cxd5 exd5 11.bxc5 bxc5 12.dxc5 Bxc5 13.Bb2 Nbd7 14.Rb1 Rb8 15.Qa4 Bb6
16.Nb3 Re8 17.Bb5 Re4 18.Nfd4 Nf8 19.Nd2 Rg4 20.Be2 Rg6 21.N2f3 Ne4 22.Rbd1 Nd7
23.Nf5 Ndc5 24.Qc2 Rc8 25.N3h4 Nd7 26.Qb3 Ndc5 27.Qa2 Na4 28.Rc1 Nac3 29.Bxc3 Nxc3
30.Qb2 Rgc6 31.Bg4 R8c7 32.Nf3 Qf6 33.N5d4 Ne2+ 34.Qxe2 Rxc1 35.Qb5 g6 36.h4 Kg7
37.Rxc1 Rxc1+ 38.Kh2 Bxd4 39.Nxd4 Qe5+ 40.g3 Qc7 41.h5 Bc8 42.Bxc8 Qxc8 43.Qxd5 Rc5
44.h6+ Kxh6 45.Qxf7 Rh5+ 46.Kg2 Qd8 47.Qf4+ g5 48.Qf7 g4 49.Nf5+ Kg5 50.e4 Qf6
51.Qxa7 Qa1 52.Qe7+ Qf6 53.Qc7 Qa1 54.Qf4+ Kf6 55.Nh4+ Ke7 56.Qxg4 Qe5 57.Nf5+ Rxf5
58.Qxf5 Qg7 59.e5 Ke8  1-0

[Event "14th Chigorin Mem"]
[Site "St-Petersburg RUS"]
[Date "2006.10.25"]
[Round "4"]
[White "Citak,S"]
[Black "Hammer,J"]
[Result "1/2-1/2"]
[WhiteElo "2312"]
[BlackElo "2380"]

1.d4 Nf6 2.c4 e6 3.Nf3 Bb4+ 4.Nbd2 b6 5.a3 Bxd2+ 6.Qxd2 Bb7 7.e3 O-O 8.Be2 d6
9.b4 Nbd7 10.O-O Qe7 11.Bb2 Rfd8 12.Rfd1 Rac8 13.Qc2 c5 14.dxc5 bxc5 15.b5 e5
16.Bc3 Nb6 17.Nd2 d5 18.cxd5 Nfxd5 19.Bf3 Nxc3 20.Qxc3 c4 21.Bxb7 Qxb7 22.Qxe5 Rd5
23.Qc3 Qd7 24.a4 Rd3 25.Qc2 Rd8 26.a5 Na8 27.Qxc4 Rxd2 28.Rxd2 Qxd2 29.g3 g6
30.h4 Qd5 31.Qxd5 Rxd5 32.Rc1 Rd8 33.Rc6 Kg7 34.Kg2 Rb8 35.Rc5 Rb7 36.Rc8 Rxb5
37.Rxa8 Rxa5 38.g4 h6 39.f4 Ra1  1/2-1/2

[Event "VII Rapid"]
[Site "El Sauzal ESP"]
[Date "2006.11.04"]
[Round "3"]
[White "Lalic,B"]
[Black "Sarmiento Afonso,S"]
[Result "1-0"]
[WhiteElo "2491"]
[BlackElo "2201"]

1.d4 Nf6 2.c4 e6 3.Nf3 Bb4+ 4.Nbd2 O-O 5.a3 Bxd2+ 6.Bxd2 Ne4 7.Bf4 b6 8.e3 Bb7
9.h3 d6 10.Be2 Nd7 11.O-O a5 12.Qc2 f5 13.Bh2 Kh8 14.Rfd1 a4 15.Bf1 Ra5 16.Ne1 Qg5
17.Nd3 e5 18.dxe5 Nxe5 19.Nxe5 dxe5 20.Rd7 Rc5 21.Rad1 f4 22.exf4 exf4 23.Qe2 h5
24.f3 Ng3 25.Bxg3 fxg3 26.Rf7 Rd8 27.Rxd8+ Qxd8 28.Qe3 Qd1 29.Qc3 Rg5 30.h4 Kg8
31.Rxc7  1-0

[Event "TCh-BEL 2006-7"]
[Site "Belgium BEL"]
[Date "2006.11.05"]
[Round "3"]
[White "Eliet,N"]
[Black "Tjiam,D"]
[Result "1/2-1/2"]
[WhiteElo "2439"]
[BlackElo "2391"]

1.d4 Nf6 2.c4 e6 3.Nf3 Bb4+ 4.Nbd2 b6 5.e3 Bb7 6.Bd3 O-O 7.O-O d5 8.a3 Be7
9.b3 Nbd7 10.Bb2 c5 11.cxd5 Nxd5 12.Qb1 h6 13.Rc1 Rc8 14.Bb5 a6 15.Bf1 cxd4
16.Nxd4 Nc5 17.Ra2 Bf6 18.Ba1 Qd7 19.Rac2 e5 20.N4f3 e4 21.Nd4 Rce8 22.Rc4 Qg4
23.g3 Bg5 24.h3 Qd7 25.Re1 Nd3 26.Nxe4 Nxe1 27.Nxg5 hxg5 28.Qxe1 Rc8 29.g4 b5
30.Rc1 Rxc1 31.Qxc1 Nf6 32.Nf5  1/2-1/2

[Event "FSGM November"]
[Site "Budapest HUN"]
[Date "2006.11.05"]
[Round "2"]
[White "Berczes,D"]
[Black "Ilincic,Z"]
[Result "0-1"]
[WhiteElo "2415"]
[BlackElo "2451"]

1.d4 Nf6 2.c4 e6 3.Nf3 Bb4+ 4.Nbd2 d5 5.Qa4+ Nc6 6.a3 Bxd2+ 7.Bxd2 Ne4 8.Bf4 g5
9.Be3 f5 10.h4 f4 11.Bc1 g4 12.Ng5 Nd6 13.Bxf4 h6 14.Be5 O-O 15.Qc2 Nf5 16.e4 Nfxd4
17.Bxd4 Nxd4 18.Qd3 dxc4 19.Qxc4 b5 20.Qc3 hxg5 21.hxg5 e5 22.Bxb5 Qxg5 23.Qxc7 Rf7
24.Bc4 Be6 25.Bxe6 Nxe6 26.Rh8+ Kxh8 27.Qxf7 Qh6 28.Rd1 Rf8 29.Qxa7 Qh1+
30.Ke2 Nf4+  0-1

[Event "10th OIBM"]
[Site "Bad Wiessee GER"]
[Date "2006.11.08"]
[Round "5"]
[White "Bogdanov,Val"]
[Black "Schulz,M2"]
[Result "1-0"]
[WhiteElo "2395"]
[BlackElo "2193"]

1.d4 Nf6 2.Nf3 e6 3.c4 Bb4+ 4.Nbd2 O-O 5.g3 Ne4 6.Bg2 Nxd2 7.Bxd2 Qe7 8.O-O Bxd2
9.Qxd2 d6 10.Rac1 e5 11.c5 Nc6 12.d5 Nd8 13.Rc3 f5 14.cxd6 cxd6 15.Rfc1 Nf7
16.Rc7 Qf6 17.Qc3 b6 18.e3 g5 19.Qc6 Ba6 20.Qd7 g4 21.Nh4 Ng5 22.Qe7 Qh6
23.Rxa7 Rxa7 24.Qxa7 Be2 25.Qd7 Qf6 26.Rc8 f4 27.Rxf8+ Kxf8 28.Nf5 f3 29.Bf1 Ne4
30.Qc8+ Kf7 31.Qd7+ Kf8 32.Qxh7 Nd2 33.Nh4 e4 34.Ng6+ Ke8 35.Qg8+ Kd7 36.Nf8+ Ke7
37.Ng6+ Kd7 38.Nf8+ Ke7 39.Nh7 Qh6 40.Ng5 Kf6 41.Nxe4+ Nxe4 42.Qe6+ Kg7 43.Qxe4 Qh5
44.Qd4+ Kg8 45.Bxe2  1-0

[Event "10th OIBM"]
[Site "Bad Wiessee GER"]
[Date "2006.11.09"]
[Round "6"]
[White "Prusikin,M"]
[Black "Claassen,J"]
[Result "1-0"]
[WhiteElo "2560"]
[BlackElo "2208"]

1.d4 Nf6 2.c4 e6 3.Nf3 Bb4+ 4.Nbd2 b6 5.e3 Bb7 6.Bd3 O-O 7.O-O Bxd2 8.Nxd2 c5
9.b3 d6 10.Bb2 Nbd7 11.Re1 Rc8 12.Rc1 Rc7 13.Bb1 Qa8 14.e4 cxd4 15.Bxd4 Rfc8
16.Qf3 b5 17.Rcd1 a6 18.Bc3 bxc4 19.Nxc4 d5 20.Bxf6 Nxf6 21.Nb6 Qb8 22.Nxc8 dxe4
23.Rd8+  1-0

[Event "10th OIBM"]
[Site "Bad Wiessee GER"]
[Date "2006.11.12"]
[Round "9"]
[White "Bogdanov,Val"]
[Black "Scherer,He"]
[Result "1-0"]
[WhiteElo "2395"]
[BlackElo "2296"]

1.d4 Nf6 2.Nf3 e6 3.c4 Bb4+ 4.Nbd2 O-O 5.g3 b6 6.Bg2 Bb7 7.O-O c5 8.a3 Bxd2
9.Qxd2 cxd4 10.Qxd4 Nc6 11.Qh4 d5 12.cxd5 Nxd5 13.Bg5 f6 14.Bd2 e5 15.Rfd1 Qe7
16.Ng5  1-0

[Event "1st GMA Cup"]
[Site "Manila PHI"]
[Date "2006.11.21"]
[Round "7"]
[White "Nava,R"]
[Black "Mariano,N1"]
[Result "1/2-1/2"]
[WhiteElo "2348"]
[BlackElo "2418"]

1.Nf3 Nf6 2.c4 e6 3.d4 Bb4+ 4.Nbd2 d5 5.Qa4+ Nc6 6.e3 O-O 7.a3 Bxd2+ 8.Bxd2 Ne4
9.Qc2 Qf6 10.Bd3 Nxd2 11.Nxd2 g6 12.f4 Ne7 13.O-O c6 14.Nf3 dxc4 15.Bxc4 b6
16.Ne5 Rd8 17.g4 Qg7 18.Rf3 c5 19.dxc5 Bb7 20.Rh3 Nc6 21.Nf3 bxc5 22.Rf1 h6
23.Rg3 Kh8 24.f5 Ne5 25.Nxe5 Qxe5 26.fxe6 Be4 27.Qf2 fxe6 28.Rh3 Rf8 29.Rxh6+ Kg7
30.Qh4 Rxf1+ 31.Bxf1 g5 32.Rh5 Kf6 33.Qf2+ Ke7 34.h4 Rf8 35.Rxg5 Qb8 36.Rg7+ Ke8
37.Qe1 Qxb2 38.Rc7 Rf3 39.Rxc5 Qxa3 40.Qc3 Qxc3 41.Rxc3  1/2-1/2

[Event "19th Belgrade Trophy"]
[Site "Belgrade SRB"]
[Date "2006.11.26"]
[Round "5"]
[White "Rakic,Mi"]
[Black "Certic,B"]
[Result "0-1"]
[WhiteElo "2256"]
[BlackElo "2393"]

1.d4 e6 2.c4 Nf6 3.Nf3 Bb4+ 4.Nbd2 b6 5.g3 Bb7 6.Bg2 O-O 7.O-O a5 8.a3 Be7
9.b3 d5 10.Qc2 Na6 11.Bb2 c5 12.e3 Rc8 13.Ne5 Qc7 14.cxd5 Bxd5 15.e4 Bb7
16.Rac1 Rfd8 17.Nef3 Qb8 18.Qb1 cxd4 19.Rxc8 Rxc8 20.Nxd4 Nc5 21.Re1 Nfd7
22.Nc4 Nxb3 23.Nxb6 Nxb6 24.Nxb3 Nc4 25.Bf1 Nxb2 26.Qxb2 Ba8 27.Qa2 a4 28.Nd4 Rc3
29.Nb5 Rb3 30.Rb1 Bxe4 31.Rxb3 Bd5 32.Qb1 axb3 33.a4 Qe5 34.Bd3 b2 35.Kf1 Bb4
36.Bxh7+ Kh8 37.Bd3 Bb3 38.a5 Bxa5 39.Na3 Qc3 40.Kg1 Qc1+ 41.Kg2 Bd5+ 42.f3 Qd2+
43.Kh3 Bxf3  0-1

[Event "19th Belgrade Trophy"]
[Site "Belgrade SRB"]
[Date "2006.11.27"]
[Round "6"]
[White "Vojinovic,J"]
[Black "Bergsson,Sn"]
[Result "1/2-1/2"]
[WhiteElo "2115"]
[BlackElo "2334"]

1.d4 Nf6 2.c4 e6 3.Nf3 Bb4+ 4.Nbd2 b6 5.g3 Bb7 6.Bg2 O-O 7.O-O a5 8.a3 Bxd2
9.Qxd2 a4 10.Rd1 d6 11.Qc2 Be4 12.Qc3 h6 13.Be3 Qc8 14.Bh3 Qa6 15.Nd2 Bb7
16.f3 Nbd7 17.Bf2 d5 18.Bf1 Qa5 19.Qxa5 Rxa5 20.Rac1 c6 21.Nb1 Raa8 22.e3 dxc4
23.Bxc4 e5 24.e4 Rfe8 25.Nc3 exd4 26.Bxd4 Ne5 27.Be2 Ba6 28.Bxe5 Rxe5 29.Bxa6 Rxa6
30.Rd4 Rc5 31.Rcd1 b5 32.h3 Ra8  1/2-1/2

[Event "Polyarniy Krug"]
[Site "Salekhard RUS"]
[Date "2006.12.01"]
[Round "3"]
[White "Temirbaev,S"]
[Black "Bocharov,D"]
[Result "0-1"]
[WhiteElo "2490"]
[BlackElo "2577"]

1.d4 Nf6 2.c4 e6 3.Nf3 Bb4+ 4.Nbd2 O-O 5.a3 Be7 6.e4 d5 7.cxd5 exd5 8.e5 Nfd7
9.Bd3 c5 10.O-O Nc6 11.dxc5 Nxc5 12.Bb1 Bg4 13.Qc2 g6 14.b4 Ne6 15.Bb2 Qb6
16.h3 Bxf3 17.Nxf3 a5 18.bxa5 Nxa5 19.Ba2 Rfc8 20.Qb1 Nc4 21.Bc1 Qc6 22.Rd1 b5
23.Bb3 Rd8 24.Ra2 d4 25.Bc2 Nxa3 26.Bxa3 Rxa3 27.Rxa3 Bxa3 28.Bb3 Bc5 29.Bxe6 fxe6
30.h4 b4 31.h5 Kg7 32.hxg6 hxg6 33.Qd3 Rd5 34.Qe4 b3 35.Rb1 d3 36.Rxb3 Bxf2+
37.Kh2 Qd7 38.Qf4 Qf7 39.Qd2 Rd8 40.Qxf2 d2 41.Rb1 d1=Q 42.Rxd1 Rxd1 43.Qh4 Qf5
44.Qe7+ Kh6 45.Kg3 g5  0-1